| 000 | 00565nam a2200205Ia 4500 | ||
|---|---|---|---|
| 005 | 20260429112049.0 | ||
| 008 | 260429s9999||||xx |||||||||||||| ||und|| | ||
| 020 | _a9781666870695 | ||
| 041 | _aEnglish | ||
| 082 |
_a910.285 _bWAN |
||
| 100 | _aWang, Zhijie | ||
| 245 | 0 |
_aImportance of remote sensing and geographic information systems / _cZhijie Wang |
|
| 250 | _a1st ed. | ||
| 260 |
_aWilmington : _bAmerican Academic Publisher, _c2024. |
||
| 300 | _ax, 322 p.; hb | ||
| 650 | _a Geography | ||
| 650 | _a GIS | ||
| 650 | _aRemote sensing | ||
| 942 | _cTB | ||
| 999 |
_c52162 _d52162 |
||